<?xml version="1.0" encoding="UTF-8"?>
<record
    xmlns:xsi="http://www.w3.org/2001/XMLSchema-instance"
    xsi:schemaLocation="http://www.loc.gov/MARC21/slim http://www.loc.gov/standards/marcxml/schema/MARC21slim.xsd"
    xmlns="http://www.loc.gov/MARC21/slim">

  <leader>00894nam a22001577a 4500</leader>
  <controlfield tag="003">OSt</controlfield>
  <controlfield tag="005">20151214144801.0</controlfield>
  <controlfield tag="008">151214b        xxu||||| |||| 00| 0 eng d</controlfield>
  <datafield tag="040" ind1=" " ind2=" ">
    <subfield code="c">RUA </subfield>
  </datafield>
  <datafield tag="082" ind1=" " ind2=" ">
    <subfield code="a">AED THA 2005 B220 Or.1</subfield>
  </datafield>
  <datafield tag="100" ind1=" " ind2=" ">
    <subfield code="9">4845</subfield>
    <subfield code="a">THAN KIMHENG; &#x1790;&#x17B6;&#x1793;&#x17CB; &#x1782;&#x17B9;&#x1798;&#x17A0;&#x17C1;&#x1784;.</subfield>
  </datafield>
  <datafield tag="245" ind1=" " ind2=" ">
    <subfield code="a">The study on increasing income of rural household of lwf community in samakimeanchey district,kompong chhnang province, &#x1780;&#x17B6;&#x179A;&#x179F;&#x17B7;&#x1780;&#x17D2;&#x179F;&#x17B6;&#x1796;&#x17B8;&#x1780;&#x17B6;&#x179A;&#x1794;&#x1784;&#x17D2;&#x1780;&#x17BE;&#x1793;&#x1794;&#x17D2;&#x179A;&#x17B6;&#x1780;&#x17CB;&#x1785;&#x17C6;&#x178E;&#x17BC;&#x179B;&#x1794;&#x17D2;&#x179A;&#x1785;&#x17C6;&#x17B6;&#x1782;&#x17D2;&#x179A;&#x17BD;&#x179F;&#x17B6;&#x179A;&#x179A;&#x1794;&#x179F;&#x17CB;&#x1794;&#x17D2;&#x179A;&#x1787;&#x17B6;&#x1787;&#x1793;&#x1793;&#x17C5;&#x178F;&#x17B6;&#x1798;&#x1787;&#x1793;&#x1794;&#x1791; &#x1780;&#x17D2;&#x1793;&#x17BB;&#x1784;&#x179F;&#x17A0;&#x1782;&#x1798;&#x1793;&#x17CD;&#x179A;&#x1794;&#x179F;&#x17CB;&#x17A2;&#x1784;&#x17D2;&#x1782;&#x1780;&#x17B6;&#x179A; LWF &#x1793;&#x17C5;&#x179F;&#x17D2;&#x179A;&#x17BB;&#x1780;&#x179F;&#x17B6;&#x1798;&#x1782;&#x17D2;&#x1782;&#x17B8;&#x1798;&#x17B6;&#x1793;&#x1787;&#x17D0;&#x1799; &#x1781;&#x17C1;&#x178F;&#x17D2;&#x178F;&#x1780;&#x17C6;&#x1796;&#x1784;&#x17CB;&#x1786;&#x17D2;&#x1793;&#x17C6;&#x17B6;&#x1784;.</subfield>
  </datafield>
  <datafield tag="260" ind1=" " ind2=" ">
    <subfield code="a">Phnom Penh </subfield>
    <subfield code="b">RUA </subfield>
    <subfield code="c">2005</subfield>
  </datafield>
  <datafield tag="300" ind1=" " ind2=" ">
    <subfield code="a">ix; 55p.</subfield>
    <subfield code="b">ill.</subfield>
    <subfield code="c">29cm.</subfield>
  </datafield>
  <datafield tag="942" ind1=" " ind2=" ">
    <subfield code="2">ddc</subfield>
    <subfield code="c">AED</subfield>
  </datafield>
  <datafield tag="999" ind1=" " ind2=" ">
    <subfield code="c">4506</subfield>
    <subfield code="d">4506</subfield>
  </datafield>
  <datafield tag="952" ind1=" " ind2=" ">
    <subfield code="0">0</subfield>
    <subfield code="1">0</subfield>
    <subfield code="2">ddc</subfield>
    <subfield code="4">0</subfield>
    <subfield code="6">AED_THA_2005_000000000000000_B220_OR_1</subfield>
    <subfield code="7">0</subfield>
    <subfield code="9">23434</subfield>
    <subfield code="a">LBB</subfield>
    <subfield code="b">LBB</subfield>
    <subfield code="c">B220</subfield>
    <subfield code="d">2015-12-14</subfield>
    <subfield code="o">AED THA 2005 B220 Or.1</subfield>
    <subfield code="p">RUA034182</subfield>
    <subfield code="r">2015-12-14</subfield>
    <subfield code="w">2015-12-14</subfield>
    <subfield code="y">AED</subfield>
  </datafield>
  <datafield tag="952" ind1=" " ind2=" ">
    <subfield code="0">0</subfield>
    <subfield code="1">0</subfield>
    <subfield code="2">ddc</subfield>
    <subfield code="4">0</subfield>
    <subfield code="6">AED_THA_2005_000000000000000_B220_OR_2</subfield>
    <subfield code="7">0</subfield>
    <subfield code="9">23435</subfield>
    <subfield code="a">LBB</subfield>
    <subfield code="b">LBB</subfield>
    <subfield code="c">B220</subfield>
    <subfield code="d">2015-12-14</subfield>
    <subfield code="o">AED THA 2005 B220 Or.2</subfield>
    <subfield code="p">RUA030157</subfield>
    <subfield code="r">2015-12-14</subfield>
    <subfield code="w">2015-12-14</subfield>
    <subfield code="y">AED</subfield>
  </datafield>
  <datafield tag="952" ind1=" " ind2=" ">
    <subfield code="0">0</subfield>
    <subfield code="1">0</subfield>
    <subfield code="2">ddc</subfield>
    <subfield code="4">0</subfield>
    <subfield code="6">AED_THA_2005_000000000000000_B220_OR_3</subfield>
    <subfield code="7">0</subfield>
    <subfield code="9">23436</subfield>
    <subfield code="a">LBB</subfield>
    <subfield code="b">LBB</subfield>
    <subfield code="c">B220</subfield>
    <subfield code="d">2015-12-14</subfield>
    <subfield code="o">AED THA 2005 B220 Or.3</subfield>
    <subfield code="p">RUA030139</subfield>
    <subfield code="r">2015-12-14</subfield>
    <subfield code="w">2015-12-14</subfield>
    <subfield code="y">AED</subfield>
  </datafield>
  <datafield tag="952" ind1=" " ind2=" ">
    <subfield code="0">0</subfield>
    <subfield code="1">0</subfield>
    <subfield code="2">ddc</subfield>
    <subfield code="4">0</subfield>
    <subfield code="6">AED_THA_2005_000000000000000_B220_OR_4</subfield>
    <subfield code="7">0</subfield>
    <subfield code="9">23437</subfield>
    <subfield code="a">LBB</subfield>
    <subfield code="b">LBB</subfield>
    <subfield code="c">B220</subfield>
    <subfield code="d">2015-12-14</subfield>
    <subfield code="o">AED THA 2005 B220 Or.4</subfield>
    <subfield code="p">RUA030155</subfield>
    <subfield code="r">2015-12-14</subfield>
    <subfield code="w">2015-12-14</subfield>
    <subfield code="y">AED</subfield>
  </datafield>
  <datafield tag="952" ind1=" " ind2=" ">
    <subfield code="0">0</subfield>
    <subfield code="1">0</subfield>
    <subfield code="2">ddc</subfield>
    <subfield code="4">0</subfield>
    <subfield code="6">AED_THA_2005_000000000000000_B220_OR_5</subfield>
    <subfield code="7">0</subfield>
    <subfield code="9">23438</subfield>
    <subfield code="a">LBB</subfield>
    <subfield code="b">LBB</subfield>
    <subfield code="c">B220</subfield>
    <subfield code="d">2015-12-14</subfield>
    <subfield code="o">AED THA 2005 B220 Or.5</subfield>
    <subfield code="p">RUA030221</subfield>
    <subfield code="r">2015-12-14</subfield>
    <subfield code="w">2015-12-14</subfield>
    <subfield code="y">AED</subfield>
  </datafield>
</record>
